000 00949nam a22002057a 4500
005 20120614170415.0
008 081007t xxu||||| |||| 00| 0 mar
010 _aMAR-22217
020 _c275.00
035 _aMR-14875
037 _bD.B.Act /pub
082 _a327
100 _aपेंडसे, अरुणा
_949115
245 _aआंतरराष्ट्रीय संबंध /
_cअरुणा पेंडसे [तथा] उत्तरा सहस्त्रबुद्धे
246 _aVastuguru
_bby Abhishek Algikar
260 _aसोलापूर
_bश्रद्धा प्रकाशन
_c2011
270 _a'वास्तुशुभा ',प्लॉ.नं.5,स्मृती विहार पार्क,विजापुर रोड,
_bसोलापूर
_e-4
300 _a384पृ
_c22सेमी (अजिल्द)
942 _2ddc
_cMR
_mअलगी
_h133.5869
999 _c68025
_d68025